AS MONACO BASKET - Tous les joueurs de 2017 à aujourd'hui - Statistiques

Statistiques générales
  • Ce quiz a été pris 49 fois
  • Le résultat moyen est 16 sur 97
Statistiques - réponses
Joueurs Nationalité Saisons jouées % Correct
Elie Okobo France 2022/2023 à 2024/2025
94%
Mike James USA 2021/2022 à 2024/2025
92%
Matthew Strazel France 2022/2023 à 2024/2025
86%
Alpha Diallo Guinée 2021/2022 à 2024/2025
75%
Jordan Loyd USA 2022/2023 à 2024/2025
72%
Nick Calathes Grèce 2024/2025
67%
John Brown III USA 2022/2023 et 2023/2024
61%
Georgios Papagiannis Grèce 2024/2025
58%
Vitto Brown USA 2024/2025
58%
Terry Tarpey France 2023/2024 et 2024/2025
56%
Mouhammadou Jaiteh France 2023/2024 et 2024/2025
53%
Donta Hall Azerbaïdjan 2021/2022 à 2023/2024
50%
Donatas Motiejunas Lituanie 2021/2022 à 2024/2025
47%
Petr Cornelie France 2023/2024 et 2024/2025
47%
Juhann Begarin France 2024/2025
44%
Yakuba Ouattara France 2017/2018 à 2019/2020 puis 2021/2022 à 2023/2024
44%
Furkan Korkmaz Turquie 2024/2025
42%
Jaron Blossomgame USA 2022/2023 à 2024/2025
42%
Kemba Walker USA 2023/2024
33%
Amara Sy France 2017/2018 et 2018/2019
31%
Paris Lee Cameroun 2021/2022
31%
Yoan Makoundou France 2022/2023
31%
Chima Moneke Nigéria 2022/2023
25%
Dee Bost Bulgarie 2018/2019 à 2020/2021
22%
Paul Lacombe France 2017/2018 à 2019/2020
22%
Mathias Lessort France 2020/2021
19%
Mohammad Amini Iran 2022/2023 et 2023/2024
19%
Sergii Gladyr Ukraine 2017/2018 et 2018/2019
17%
Abdoulaye N'Doye France 2020/2021
14%
Dwayne Bacon USA 2021/2022
14%
Rob Gray USA 2020/2021 et 2021/2022
14%
Adrien Moerman France 2022/2023
11%
DJ Cooper USA 2017/2018
11%
Ali Traoré France 2017/2018
8%
Ambroise Couture France 2022/2023
8%
Armel Traoré France 2021/2022
8%
Gerald Robinson USA 2017/2018 et 2018/2019
8%
Léo Westermann France 2021/2022
8%
Wilfried Yeguete France 2019/2020 et 2020/2021
8%
Will Thomas USA 2021/2022
8%
Anthony Clemmons Kazakhstan 2019/2020
6%
Danilo Andusic Serbie 2021/2022
6%
Eric Buckner USA 2018/2019 et 2019/2020
6%
Ibrahima Fall Faye Sénégal 2020/2021 et 2021/2022
6%
Jerry Boutsiele France 2021/2022
6%
Kim Tillie France 2019/2020
6%
Lazeric Jones USA 2018/2019
6%
Rudy Demahis-Ballou France 2020/2021 et 2021/2022
6%
Clarence Massamba France 2024/2025
3%
Damien Inglis France 2020/2021
3%
Darrlyn Willis USA 2020/2021
3%
David Mabu France 2022/2023 et 2023/2024
3%
Derek Needham Monténégro 2018/2019
3%
Elmedin Kikanovic Bosnie Herzegovine 2017/2018 à 2019/2020
3%
Jaleel O'Brien USA 2019/2020 et 2020/2021
3%
Jarrod Jones USA 2018/2019
3%
Landing Sané France 2019/2020
3%
Nicolas Vanel France 2023/2024
3%
Norris Cole USA 2019/2020
3%
Remi Barry France 2018/2019
3%
Romain Poinas France 2017/2018
3%
Shekinah Munanga République Démocratique du Congo 2017/2018
3%
Taiga Okada Japon 2024/2025
3%
Théo Pichard France 2023/2024
3%
Yohan Choupas France 2020/2021
3%
Aaron Craft USA 2017/2018
0%
Abdel Kader Sylla Seychelles 2017/2018
0%
Auguste Cagnet France 2023/2024 et 2024/2025
0%
Bangaly Fofana France 2017/2018
0%
Benedek Kovacs Hongrie 2018/2019 et 2019/2020
0%
Boukhary Cissoko France 2017/2018 à 2020/2021
0%
Branden Frazier USA 2020/2021
0%
Brock Motum Australie 2021/2022
0%
Christopher Evans USA 2017/2018
0%
Damjan Rudez Croatie 2017/2018
0%
Dylan Ennis Canada 2019/2020
0%
Georgi Joseph France 2017/2018 et 2018/2019
0%
Ian Hummer Azerbaïdjan 2018/2019
0%
Ibrahim Komara France 2019/2020
0%
Ivan Buva Croatie 2019/2020
0%
Jordan Ratton France 2019/2020 à 2021/2022
0%
Joyce Dru USA 2017/2018
0%
Kevin Cham France 2017/2018 et 2018/2019
0%
Kevin Keliki Côte d'Ivoire 2020/2021
0%
Khadeen Carrington Israël 2020/2021
0%
Loïc Noudogbessi France 2022/2023 et 2023/2024
0%
Lois Gendrey France 2019/2020
0%
Luc Loubaki France 2017/2018 et 2018/2019
0%
Marco Knight USA 2020/2021
0%
Matis Moncada France 2022/2023
0%
Matys Pommier France 2022/2023
0%
Melwin Pantzar Suède 2019/2020
0%
Mouhamadou Cisse Sénégal 2019/2020 et 2020/2021
0%
Nikola Rebic Serbie 2020/2021
0%
Rasid Mahalbasic Autriche 2020/2021
0%
Vincent Vermillac France 2019/2020
0%
Wesley Saunders USA 2020/2021
0%
Aucun quiz correspondant
Distribution des résultats
% des personnes avec chaque résultat
Percentile par nombre de réponses
Votre historique - résultats
Vous n’avez pas pris ce quiz